Estadísticas para preguntas de geografia 2

Haz click aquí para intentar la prueba.

Estadísticas generales

  • Esta prueba ha sido intentada 169 veces
  • La puntuación promedio es 8 de 15

Estadísticas de respuestas

PreguntaRespuesta% Correcto
¿cual pais es el mas pequeño de todo el mundo?vaticano
95%
¿cual de estos paises esta en asia?timor oriental
84%
¿cuales son los paises balticos?estonia,lituania y letonia
75%
¿cual de estas ciudades estadounidenses es mas poblada?nueva york
64%
¿cual de estos estados de USA es mas pequeño?rhode island
63%
¿cual es el pais mas joven del mundo? (el ultimo pais en idependizarse)sudan del sur
56%
¿cual oceano es mas grande?pacifico
49%
¿en que año la union sovietica colapso?1991
48%
¿cual de estos paises es mas grande en territorio?suecia
44%
¿cual de estos paises NO esta en oceania?seychelles
37%
¿cuales son los unicos paises que tienen el morado en su bandera?nicaragua y dominica
35%
¿cual pais es mas pequeño?zambia
33%
¿cual es la isla mas grande de canada?isla baffin
30%
¿de cual pais se idependinzò indonesia?paises bajos
29%
la bandera de cabo verde es:azul,amarilla,roja y blanco
11%

Distribución de puntuación

Porcentaje por número respondido

Porcentaje de gente con cada puntuación

Historial de tus puntuaciones

No has intentado esta prueba.